Yu-gi-oh season 1 quiz - Statistics

General Stats
  • This quiz has been taken 169 times
  • The average score is 10 of 15
Answer Stats
Question Answer % Correct
Who wins the battle city tournament? Yugi
94%
Who dives off the boat for Yugi's cards? Joey
88%
What card does Kaiba steal from Solomon (Yugi's Gramps)? Blue-eyes White Dragon
87%
Who is Joey's sister? Serenity
86%
What is the name of Kaiba's brother? Mokuba
81%
Who is Yugi's first challenger in the duelist kingdom tournament? Weevil
79%
What is the name of the main game they play in the show? Duel Monsters
76%
What color eyes do Yugi have? Purple
75%
Who steals Rex's room? Mai
73%
What milennium item does Pegasus own? The Milennium eye
72%
What is the name of Duke's game? Dungeon Dice Monsters
63%
What are the names of the brothers Paradox? Para and Dox
63%
What do Yugi and the gang take from Mako? Fish
50%
What does Joey do with the money he gets from the tournament? He gives it to his sister
1%
What does Duke do to Joey when he loses? He makes him wear a dog suit
1%
No matching quizzes found
Score Distribution
Percent of People with Each Score
Percentile by Number Answered
Your Score History
You have not taken this quiz